C#.net programming concepts as per VTU syllabus, 7th sem. (Record no. 181723)

MARC details
000 -LEADER
fixed length control field 00408nam a2200145Ia 4500
008 - FIXED-LENGTH DATA ELEMENTS--GENERAL INFORMATION
fixed length control field 231217s9999 xx 000 0 und d
041 ## - LANGUAGE CODE
Language code of text/sound track or separate title English
082 ## - DEWEY DECIMAL CLASSIFICATION NUMBER
Classification number 001.6424C LOK;1 R
100 ## - MAIN ENTRY--PERSONAL NAME
Personal name Lokesh, L.
245 #0 - TITLE STATEMENT
Title C#.net programming concepts as per VTU syllabus, 7th sem.
260 ## - PUBLICATION, DISTRIBUTION, ETC.
Date of publication, distribution, etc. 2007
Name of publisher, distributor, etc. Shree Sharada Books
Place of publication, distribution, etc. Bangalore
300 ## - PHYSICAL DESCRIPTION
Extent 219
650 ## - SUBJECT ADDED ENTRY--TOPICAL TERM
Topical term or geographic name entry element C#.net,programming,syllabus,
942 ## - ADDED ENTRY ELEMENTS (KOHA)
Koha item type Books
Holdings
Date last seen Total checkouts Full call number Accession number Price effective from Category Lost status Damaged status Department Withdrawn status Home library Current library Shelving location Entry date Vendor Grants Billdate Currency symbol Conversion rate Discount Old discount
26/01/2024   001.6424C LOK;1 R 51628 26/01/2024 Books     Central Library   Central Library Central Library Central Library 26/11/2008 Publisher DONATED 02/01/2012 RS 1    

© For any Suggestions or Query, please contact the library staff @ librarian@pes.edu or Phone: +9180 2672 1983/ 2108.